National identity and the agrarian republic : (Record no. 85465)
[ view plain ]
| 000 -LEADER | |
|---|---|
| fixed length control field | 02686nam a2200469 i 4500 |
| 001 - CONTROL NUMBER | |
| control field | ebr10829005 |
| 003 - CONTROL NUMBER IDENTIFIER | |
| control field | CaPaEBR |
| 006 - FIXED-LENGTH DATA ELEMENTS--ADDITIONAL MATERIAL CHARACTERISTICS--GENERAL INFORMATION | |
| fixed length control field | m o d |
| 007 - PHYSICAL DESCRIPTION FIXED FIELD--GENERAL INFORMATION | |
| fixed length control field | cr cn||||||||| |
| 008 - FIXED-LENGTH DATA ELEMENTS--GENERAL INFORMATION | |
| fixed length control field | 131029t20142014enk ob 001 0 eng|d |
| 020 ## - INTERNATIONAL STANDARD BOOK NUMBER | |
| Cancelled/invalid ISBN | 9781472421364 (hardcover : alk. paper) |
| International Standard Book Number | 9781472421371 (e-book) |
| 040 ## - CATALOGING SOURCE | |
| Original cataloging agency | CaPaEBR |
| Language of cataloging | eng |
| Description conventions | rda |
| -- | pn |
| Transcribing agency | CaPaEBR |
| 035 ## - SYSTEM CONTROL NUMBER | |
| System control number | (OCoLC)869979093 |
| 043 ## - GEOGRAPHIC AREA CODE | |
| Geographic area code | n-us--- |
| -- | e-fr--- |
| 050 14 - LIBRARY OF CONGRESS CALL NUMBER | |
| Classification number | HD1761 |
| Item number | .A629 2014eb |
| 082 04 - DEWEY DECIMAL CLASSIFICATION NUMBER | |
| Classification number | 338.10973/09033 |
| Edition number | 23 |
| 100 1# - MAIN ENTRY--PERSONAL NAME | |
| Personal name | Albertone, Manuela, |
| Dates associated with a name | 1953- |
| 245 10 - TITLE STATEMENT | |
| Title | National identity and the agrarian republic : |
| Remainder of title | the transatlantic commerce of ideas between America and France (1750-1830) / |
| Statement of responsibility, etc | Manuela Albertone. |
| 264 #1 - PRODUCTION, PUBLICATION, DISTRIBUTION, MANUFACTURE, AND COPYRIGHT NOTICE | |
| Place of production, publication, distribution, manufacture | Farnham, Surrey, England ; |
| -- | Burlington, VT : |
| Name of producer, publisher, distributor, manufacturer | Ashgate, |
| Date of production, publication, distribution, manufacture, or copyright notice | [2014] |
| Date of production, publication, distribution, manufacture, or copyright notice | �2014 |
| 300 ## - PHYSICAL DESCRIPTION | |
| Extent | 1 online resource (343 pages). |
| 336 ## - CONTENT TYPE | |
| Content type term | text |
| Source | rdacontent |
| 337 ## - MEDIA TYPE | |
| Media type term | computer |
| Source | rdamedia |
| 338 ## - CARRIER TYPE | |
| Carrier type term | online resource |
| Source | rdacarrier |
| 440 #0 - SERIES STATEMENT/ADDED ENTRY--TITLE | |
| Title | Modern economic and social history series |
| 504 ## - BIBLIOGRAPHY, ETC. NOTE | |
| Bibliography, etc | Includes bibliographical references and index. |
| 505 0# - FORMATTED CONTENTS NOTE | |
| Formatted contents note | What is an American? : St. John de Cr�evecoeur between agrarian myth and national identity -- Republicanism and agrarian democracy -- The cosmopolitan vocation of the agrarian model : Thomas Jefferson -- The farmer as common man : Benjamin Franklin -- The agrarian ideology between economic theory and political struggle : George Logan and John Taylor -- Channels for disseminating the economic culture -- The English Jacobins : a three-way interrelation between France, Britain and America -- A long eighteenth century. |
| 588 ## - SOURCE OF DESCRIPTION NOTE | |
| Source of description note | Description based on print version record. |
| 590 ## - LOCAL NOTE (RLIN) | |
| Local note | Electronic reproduction. Palo Alto, Calif. : ebrary, 2014. Available via World Wide Web. Access may be limited to ebrary affiliated libraries. |
| 650 #0 - SUBJECT ADDED ENTRY--TOPICAL TERM | |
| Topical term or geographic name as entry element | Agriculture and state |
| Geographic subdivision | United States |
| General subdivision | History. |
| Topical term or geographic name as entry element | Land tenure |
| General subdivision | Political aspects |
| Geographic subdivision | United States. |
| Topical term or geographic name as entry element | Physiocrats. |
| Topical term or geographic name as entry element | Economics |
| Geographic subdivision | France |
| General subdivision | History. |
| Topical term or geographic name as entry element | National characteristics, American. |
| 651 #0 - SUBJECT ADDED ENTRY--GEOGRAPHIC NAME | |
| Geographic name | United States |
| General subdivision | Relations |
| Geographic subdivision | France. |
| Geographic name | France |
| General subdivision | Relations |
| Geographic subdivision | United States. |
| 655 #0 - INDEX TERM--GENRE/FORM | |
| Genre/form data or focus term | Electronic books. |
| 776 08 - ADDITIONAL PHYSICAL FORM ENTRY | |
| Display text | Print version: |
| Main entry heading | Albertone, Manuela. |
| Title | National identity and the agrarian republic : the transatlantic commerce of ideas between America and France (1750-1830). |
| Place, publisher, and date of publication | Farnham, Surrey, England : Ashgate, [2014] |
| Physical description | x, 324 pages |
| Series data for related item | Modern economic and social history series |
| International Standard Book Number | 9781472421364 |
| Record control number | (DLC)10829005 |
| 797 2# - LOCAL ADDED ENTRY--CORPORATE NAME (RLIN) | |
| Corporate name or jurisdiction name as entry element | ebrary. |
| 856 40 - ELECTRONIC LOCATION AND ACCESS | |
| Uniform Resource Identifier | <a href="http://site.ebrary.com/lib/rucke/Doc?id=10829005">http://site.ebrary.com/lib/rucke/Doc?id=10829005</a> |
| Public note | An electronic book accessible through the World Wide Web; click to view |
No items available.
